| 000 | 00435nam a22001817a 4500 | ||
|---|---|---|---|
| 003 | CEME | ||
| 005 | 20210628210413.0 | ||
| 008 | 210216b xxu||||| |||| 00| 0 eng d | ||
| 020 | _a969-503-080-8 | ||
| 040 | _c. | ||
| 082 | _a297.124 KHA | ||
| 100 |
_aKhalid Alvi.Dr _959081 |
||
| 245 | _aHifaazat-e-hadith | ||
| 260 |
_aLAHORE _bALFAISAL _c1999 |
||
| 300 | _a355P | ||
| 650 |
_aISLAM-HIFAAZAT-E-HADITH _979253 |
||
| 942 |
_cBK _2ddc |
||
| 999 |
_c584304 _d584304 |
||